00489nam a22001817a 450000500170000000800410001702000270005804000090008504100120009408200130010610000230011924500680014225000080021026000300021830000090024865000240025770000260028120260513115407.0260513b |||||||| |||| 00| 0 eng d a9780387683461c9897.10 aMAIN aEnglish a547bCAR aCarey, Francis A.  aAdvanced Organic Chemistry b: Part A Structure and Mechanisms  a5th aNew YorkbSpringer c2007 a1199 aChemistry (PM USHA) aSundberg, Richard J.